|
|
|
|
| LEADER |
00000nam a2200000 a 4500 |
| 001 |
vtls009187200 |
| 003 |
SK-MaSNL |
| 005 |
20260301210640.0 |
| 008 |
251124s2004 pl ol g a 000 0 pol |
| 020 |
|
|
|a 8323214638
|q (brož.)
|
| 040 |
|
|
|a SNK
|b slo
|c SNK
|e AACR2
|
| 041 |
0 |
|
|a pol
|b eng
|
| 043 |
|
|
|a e-pl---
|
| 044 |
|
|
|a pl
|c PL
|
| 072 |
|
7 |
|a 72
|x Architektúra
|2 konspekt
|
| 080 |
|
|
|a 72
|2 2001
|
| 080 |
|
|
|a 726.54:271.2
|2 2001
|
| 080 |
|
|
|a 904:908
|2 2001
|
| 080 |
|
|
|a (438)
|2 2001
|
| 080 |
|
|
|a (048.8)
|2 2001
|
| 080 |
|
|
|a 2-522
|2 2001
|
| 080 |
|
|
|a 726.1/.6
|2 2001
|
| 100 |
1 |
|
|a Cynalewska-Kuczma, Paulina
|4 aut
|9 594432
|
| 245 |
1 |
0 |
|a Architektura cierkewna Królestwa Polskiego narzędziem integracji z Imperium Rosyjskim
|c Paulina Cynalewska-Kuczma
|
| 260 |
|
|
|a Poznań
|b Wydawnictwo naukowe UAM
|c 2004
|
| 300 |
|
|
|a 231 s., x fareb. obr. na príl.
|b fotogr., tab.
|c 24 cm
|
| 490 |
1 |
|
|a Historia sztuki / Uniwersytet im. Adama Mickiewicza w Poznaniu
|x 0556-1019
|v nr. 28
|
| 504 |
|
|
|a Obsahuje bibliogr.
|
| 546 |
|
|
|a Res. angl.
|
| 648 |
|
7 |
|a 19.-20. stor.
|2 SNKPH
|9 268609
|
| 650 |
0 |
7 |
|a chrámy
|2 SNKPH
|9 3027
|
| 650 |
0 |
7 |
|a pravoslávne kostoly
|2 SNKPH
|9 3029
|
| 650 |
0 |
7 |
|a sakrálna architektúra
|2 SNKPH
|9 729
|
| 650 |
0 |
7 |
|a pamätné miesta
|2 SNKPH
|9 76094
|
| 651 |
|
7 |
|a Poľsko
|2 SNKPH
|9 16755
|
| 655 |
|
7 |
|a prehľady
|2 SNKPH
|9 70194
|
| 810 |
2 |
|
|a Uniwersytet im. Adama Mickiewicza w Poznaniu.
|t Historia
|9 307059
|
| 919 |
|
|
|a 83-232-1463-8
|
| 999 |
|
|
|c 914313
|d 916243
|
| 952 |
|
|
|a SNK
|b SNK
|y VYP
|7 0
|p 17A0581713
|o snkIC 136432
|i snk2008/6036
|8 2
|g 9.96
|0 0
|1 0
|4 0
|d 2008-02-28
|l 0
|r 2026-02-24 07:55:02
|w 2026-02-24
|